| 000 | 00514nam a2200181Ia 4500 | ||
|---|---|---|---|
| 003 | GCL | ||
| 008 | 140319s9999 xx 000 0 eng d | ||
| 040 |
_aGCL / _cGCL |
||
| 082 | 0 | 4 |
_a363.25 _bS C |
| 100 | 1 | _aSAFERSTEIN, RICHARD | |
| 245 | 1 | 0 |
_aCRIMINALISTICS: AN INTRODUCTION TO FORENSIC SCIENCE / _cSAFERSTEIN, RICHARD |
| 260 |
_a[S.N] : _bPRENTICE HALL ، _c1995 |
||
| 300 | _a586 P | ||
| 650 | 0 | 4 | _aCRIMINAL INVESTIGATION |
| 650 | 0 | 4 | _aFORENSIC BALLISTICS |
| 650 | 0 | 4 | _aCHEMISTRY FORENSIC |
| 942 |
_2ddc _cBK |
||
| 999 |
_c10702 _d10702 |
||